Szerelők a színpadon

Elmentve itt :
Bibliográfiai részletek
Dokumentumtípus: Cikk
Megjelent: 1978-11-29
Sorozat:Délmagyarország 68 No. 281
Kulcsszavak:film
Online Access:http://dmarchiv.bibl.u-szeged.hu/120630
LEADER 00383nab a2200145 i 4500
001 delm120630
005 20190513125606.0
008 190513s1978 hu o 0|| hun d
040 |a SZTE Délmagyarország Archívum  |b hun 
041 |a hun 
245 0 0 |a Szerelők a színpadon  |h [elektronikus dokumentum] 
260 |c 1978-11-29 
300 |a 5 
490 0 |a Délmagyarország  |v 68 No. 281 
695 |a film